Loading...
Mathematical foundations of information theory/
| Main Author: | |
|---|---|
| Format: | Printed Book |
| Published: |
N Y
Dover
1957
|
| LEADER | 00398 a2200109 4500 | ||
|---|---|---|---|
| 082 | |a 530.1 KHI/M | ||
| 100 | |q Khinchin A I | ||
| 245 | |a Mathematical foundations of information theory/ |c by A I Khinchin | ||
| 260 | |a N Y |b Dover |c 1957 | ||
| 942 | |c BK | ||
| 999 | |c 167721 |d 167721 | ||
| 952 | |0 0 |1 0 |2 ddc |4 0 |6 530_100000000000000_KHI_M |7 0 |9 185438 |a PHY |b PHY |c ST1 |d 2010-07-09 |i 282 |l 0 |o 530.1 KHI/M |p PHY282 |r 2010-07-09 |w 2010-07-09 |y BK | ||